Калейдоскоп цікавих знань (Запис № 17165)

000 -Маркер запису
Контрольне поле сталої довжини 01505nam a22002657a 4500
003 - Належність контрольного номера
Контрольне поле Uzh_bibl
008 - Кодовані дані
Контрольне поле сталої довжини 260324b |||||||| |||| 00| 0 ukr d
020 ## - Індекс ISBN
ISBN 978-966-548-798-2
Ціна 14,40
040 ## - Джерело каталогіз.
Код мови каталог. укр.
041 ## - Код мови видання
Код мови оригіналу українська
Код мови тексту українська
080 ## - Індекс УДК
Індекс УДК 37
090 ## - Шифри
Поличний індекс 37
Авторський знак З-13
100 ## - Автор
Автор Зав'язкін Олег
245 ## - Назва
Назва Калейдоскоп цікавих знань
Продовж. назви Книжка для домашнього навчання
Відповідальність Худож. Далбуз Анна
Фізичний носій Текст
260 ## - Вихідні дані
Місце видання Донецьк
Видавництво "Бао"
Дата видання 2008
300 ## - Фізичний опис
Обсяг 576 с.
Ілл./тип відтвор. іл.
Тип одиниці В опр.
520 ## - Анотація
Анотація Світ цікавого не має меж. На кожному кроці на допитливу дитину чекає таємниця, яка вимагає розкриття. "Калейдоскоп цікавих знань". Д нього ввійшли пізнавальні матеріали відразу з чотирьох важливих наук: історії, географії, природознавства, граматики української мови.
521 ## - Примітка про цільове призначення
Примітка про цільове призначення Для широкого кола читачів
546 ## - Примітка про мову
Примітка про мову укр.
650 ## - Тематичні рубрики
Основна підрубрика Посібник для учнів
653 ## - Ключові слова
Ключові слова Що вивчає історія
-- історичні анекдоти
-- Видатні історики античного світу
655 ## - Термін індексування — жанр/форма
Жанр/форма Довідкова література
Типове ділення Посібник
700 ## - Інші автори
Інші автори Хаткіна Марія
942 ## - ADDED ENTRY ELEMENTS (KOHA)
Джерело класифікації чи схема поличного розташування
Koha item type Книги
Фонди
Статус вилучення Статус втрати/відсутності Джерело класифікації чи схема поличного розташування Статус пошкодження Тип обігу (не для випозичання) Постійне розташування Поточне розташування Розташування у відділі Дата надходження Інвентарний номер Total Checkouts Повний (примірниковий) шифр зберігання Штрих-код Date last seen Дата, для якої чинна ціна заміни Тип одиниці (рівень примірника)
          Бібліотека-філія №2 Бібліотека-філія №2 Абонемент старший відділ 24/03/2026 56879   37 19650 24/03/2026 24/03/2026 Книги

Працює на АБІС Коха